[Event "TCh-FIN SM 2013-14"]
[Site "Tampere FIN"]
[Date "2014.02.09"]
[Round "8.1"]
[White "Moiseenko,Va"]
[Black "Shirov,A"]
[Result "1/2-1/2"]
[WhiteElo "2465"]
[BlackElo "2696"]

1.e4 c5 2.Nf3 Nc6 3.Bb5 e6 4.Bxc6 bxc6 5.d3 Ne7 6.Qe2 Ng6 7.h4 Qc7 8.g3 h5
9.e5 f6 10.Bf4 d6 11.exd6 Nxf4 12.dxc7 Nxe2 13.Kxe2 c4 14.dxc4 e5 15.Nfd2 Kd7
16.Nc3 Kxc7 17.Rad1 g5 18.hxg5 fxg5 19.Nce4 Be7 20.Ke3 Bf5 21.c5 h4 22.gxh4 gxh4
23.Nf3 h3 24.Rdg1 Bxe4 25.Kxe4 Bxc5 26.Rg7+ Kb6 27.Rg3 Raf8 28.Nxe5 Rh4+
29.Rg4 Rh7 30.f4 h2 31.Rg2 Rfh8 32.Nd3 Bg1 33.Rgxg1 hxg1=Q 34.Rxg1 Rh2 35.Rc1 Rd8
36.Ke3 Kc7 37.b3 Rd5 38.a4 a5 39.Ke4 Kd6 40.Ne5  1/2-1/2

[Event "TCh-FIN SM 2013-14"]
[Site "Helsinki FIN"]
[Date "2014.03.07"]
[Round "9.1"]
[White "Kulaots,K"]
[Black "Shirov,A"]
[Result "0-1"]
[WhiteElo "2578"]
[BlackElo "2696"]

1.e4 c5 2.Nf3 Nc6 3.Nc3 g6 4.d4 cxd4 5.Nxd4 Bg7 6.Be3 Nf6 7.Bc4 O-O 8.Bb3 d5
9.exd5 Na5 10.Qf3 Bg4 11.Qg3 Nxb3 12.axb3 Bh5 13.f3 Nxd5 14.Nxd5 Qxd5 15.O-O-O Rac8
16.Kb1 Rfd8 17.Rd2 Qa5 18.Rhd1 e5 19.Ne2 Rxd2 20.Rxd2 f5 21.Nc3 h6 22.Qh4 Qa6
23.Rd8+ Rxd8 24.Qxd8+ Kh7 25.Nd5 f4 26.Bd2 g5 27.Ne7 Bf7 28.Nf5 Qf6 29.Qxf6 Bxf6
30.Nd6 Bd5 31.c4 Bc6 32.Ne4 Bxe4+ 33.fxe4 g4 34.Kc2 f3 35.gxf3 gxf3 36.Kd3 Kg6
37.Be1 Bg5 38.Bf2 a6 39.b4 Bc1 40.b3 Kg5 41.Kc2 Ba3  0-1

[Event "TCh-FIN SM 2013-14"]
[Site "Helsinki FIN"]
[Date "2014.03.08"]
[Round "10.1"]
[White "Shirov,A"]
[Black "Nyback,T"]
[Result "1/2-1/2"]
[WhiteElo "2696"]
[BlackElo "2599"]

1.e4 e5 2.Nf3 Nc6 3.Bb5 a6 4.Ba4 Nf6 5.O-O Be7 6.Re1 b5 7.Bb3 O-O 8.c3 d5
9.exd5 Nxd5 10.Nxe5 Nxe5 11.Rxe5 c6 12.d3 Bd6 13.Re1 Bf5 14.Qf3 Qf6 15.Nd2 Qg6
16.Bd1 Bxd3 17.Ne4 Bxe4 18.Qxe4 Qxe4 19.Rxe4 Rae8 20.Rxe8 Rxe8 21.Kf1 Bf4
22.Bf3 Bxc1 23.Rxc1 Kf8 24.b3 Re6 25.c4 Nb4 26.cxb5 cxb5 27.a4 bxa4 28.bxa4 Nd3
29.Rb1 Nc5 30.a5 Re5 31.Be2 Ne6  1/2-1/2

[Event "TCh-FIN SM 2013-14"]
[Site "Helsinki FIN"]
[Date "2014.03.09"]
[Round "11.1"]
[White "Shirov,A"]
[Black "Yemelin,V"]
[Result "1-0"]
[WhiteElo "2696"]
[BlackElo "2559"]

1.d4 Nf6 2.c4 e6 3.Nf3 b6 4.Nc3 Bb4 5.e3 Ne4 6.Qc2 Bb7 7.Be2 O-O 8.O-O Bxc3
9.bxc3 f5 10.Ne5 Qh4 11.f3 Ng5 12.g3 Qh5 13.h4 d6 14.f4 Qe8 15.hxg5 dxe5
16.fxe5 Qg6 17.Bf3 Bxf3 18.Rxf3 c5 19.e4 Nc6 20.exf5 Rxf5 21.Rxf5 exf5 22.Be3 Rd8
23.Rd1 Qh5 24.e6 cxd4 25.cxd4 Qg4 26.Kg2 f4 27.Bxf4 Rxd4 28.e7 Kf7 29.Qf2  1-0

[Event "TCh-CZE Extraliga 2013-14"]
[Site "Turnov CZE"]
[Date "2014.03.21"]
[Round "9.3"]
[White "Jaracz,P"]
[Black "Shirov,A"]
[Result "1/2-1/2"]
[WhiteElo "2502"]
[BlackElo "2695"]

1.e4 c5 2.Nf3 Nc6 3.d4 cxd4 4.Nxd4 e5 5.Nb5 d6 6.c4 Be7 7.N1c3 a6 8.Na3 Be6
9.Nc2 Bg5 10.Be2 Bxc1 11.Rxc1 Nf6 12.O-O O-O 13.Qd2 Qb6 14.Rfd1 Rac8 15.b3 Rfd8
16.g3 Qc5 17.b4 Qa7 18.a3 h6 19.Kg2 b5 20.cxb5 axb5 21.Nxb5 Qa8 22.f3 d5
23.exd5 Bxd5 24.Qe3 e4 25.f4 Ne7 26.Qa7 Nf5 27.Qxa8 Bxa8 28.Rxd8+ Rxd8 29.Rd1 Rc8
30.Nbd4 Nd5 31.Kf2 Nd6 32.a4 g5 33.fxg5 hxg5 34.b5 e3+ 35.Ke1 Nc3 36.Ra1 f5
37.Nxe3 Re8 38.Nd1 Nxe2 39.Nxe2 Bf3 40.Nc3 Kf7 41.Ra2 Re3 42.a5 Bxe2 43.Nxe2 Nxb5
44.a6 Re7 45.Kf1 Kg6 46.Rb2 Re5 47.Rc2 Re6 48.Rc5 Rb6 49.Kf2 Na7 50.Ra5 Rb3
51.Rxf5 Ra3 52.Rc5 Rxa6 53.Nd4 Ra2+ 54.Kf3 Rxh2 55.Kg4 Ra2 56.Rxg5+ Kf6 57.Rf5+ Kg6
58.Rd5 Nc8 59.Kf4 Ne7 60.Rd6+ Kf7 61.g4 Ra5 62.g5 Ra4 63.Rf6+ Kg7 64.Ke4 Ng6
65.Rd6 Kf7 66.Kf3 Ne5+ 67.Kg3 Kg8 68.Rd5 Kf7 69.Rd6 Kg8 70.Rd5  1/2-1/2

[Event "TCh-CZE Extraliga 2013-14"]
[Site "Lysa nad Labem CZE"]
[Date "2014.03.22"]
[Round "10.3"]
[White "Shirov,A"]
[Black "Stocek,J"]
[Result "0-1"]
[WhiteElo "2695"]
[BlackElo "2543"]

1.e4 e6 2.d4 d5 3.e5 c5 4.c3 Nc6 5.Nf3 Bd7 6.Be2 Rc8 7.O-O h6 8.Na3 cxd4
9.cxd4 Bxa3 10.bxa3 Nge7 11.Rb1 Na5 12.h4 Bc6 13.Qd2 O-O 14.Qf4 f5 15.exf6 Rxf6
16.Qg4 Nc4 17.Bd3 Qa5 18.Ne5 b6 19.Rb3 Be8 20.Qh3 Nd2 21.Ng4 Rf7 22.Bxd2 Qxd2
23.Rbb1 Ba4 24.Rbe1 Rc3 25.Re3 Rc1 26.Rxe6 Bd7 27.Qg3  0-1

[Event "TCh-CZE Extraliga 2013-14"]
[Site "Prague CZE"]
[Date "2014.03.23"]
[Round "11.3"]
[White "Simek,P2"]
[Black "Shirov,A"]
[Result "1/2-1/2"]
[WhiteElo "2392"]
[BlackElo "2695"]

1.d4 Nf6 2.c4 e6 3.g3 d5 4.Nf3 dxc4 5.Bg2 Bb4+ 6.Bd2 a5 7.O-O O-O 8.Bg5 h6
9.Bxf6 Qxf6 10.e3 Nc6 11.a3 Bd6 12.Nfd2 e5 13.d5 Nd8 14.Nxc4 b5 15.Nxd6 cxd6
16.Nc3 Bd7 17.Qd2 Qg6 18.b4 a4 19.Rfc1 f5 20.f4 Nf7 21.Bf1 Rab8 22.Nd1 Rb7
23.Ra2 h5 24.Rac2 h4 25.Rc7 Rfb8 26.Kg2 Nh6 27.Nf2 hxg3 28.hxg3 exf4 29.exf4 Ng4
30.Be2 Qe8 31.R7c3 Rc8 32.Nh3 Rbb8 33.Ng5 Rxc3 34.Rxc3 Rc8 35.Bxg4 fxg4 36.Qc2 Rxc3
37.Qh7+ Kf8 38.Qh8+ Ke7 39.Qxg7+ Kd8 40.Qf6+ Kc7 41.Qxc3+ Kb7 42.Kf2 Qh5
43.Ne6 Qh2+ 44.Kf1 Qh1+ 45.Kf2  1/2-1/2

[Event "Liepajas Rokade Open 2014"]
[Site "Liepaja LAT"]
[Date "2014.07.10"]
[Round "1.1"]
[White "Mitenieks,Matiss"]
[Black "Shirov,A"]
[Result "0-1"]
[WhiteElo "1881"]
[BlackElo "2709"]

1.d4 Nf6 2.e3 g6 3.Bd3 Bg7 4.f4 d6 5.Nf3 O-O 6.O-O Nc6 7.c3 e5 8.fxe5 dxe5
9.Nbd2 Qe7 10.Bc4 Bf5 11.Ng5 exd4 12.e4 Bg4 13.Qe1 dxc3 14.bxc3 Qc5+ 15.Kh1 Qxg5
16.Ba3 Rfe8 17.Nf3 Qh5  0-1

[Event "Liepajas Rokade Open 2014"]
[Site "Liepaja LAT"]
[Date "2014.07.10"]
[Round "2.1"]
[White "Shirov,A"]
[Black "Laimins,L"]
[Result "1-0"]
[WhiteElo "2709"]
[BlackElo "2230"]

1.e4 e5 2.Nf3 Nf6 3.Nc3 Bb4 4.Nxe5 Qe7 5.Nd3 Bxc3 6.dxc3 Qxe4+ 7.Be2 Qxg2
8.Bf3 Qh3 9.Nf4 Qf5 10.Qe2+ Kf8 11.Rg1 h6 12.Be3 Nc6 13.O-O-O d6 14.Rg3 Ne5
15.Nd5 Nxd5 16.Bxd5 c6 17.Bg2 d5 18.Bxd5 Be6 19.Bxe6 Qxe6 20.Bd4 Re8 21.Re3  1-0

[Event "Liepajas Rokade Open 2014"]
[Site "Liepaja LAT"]
[Date "2014.07.10"]
[Round "3.1"]
[White "Sveshnikov,V"]
[Black "Shirov,A"]
[Result "1/2-1/2"]
[WhiteElo "2380"]
[BlackElo "2709"]

1.d4 Nf6 2.c3 g6 3.Bg5 Bg7 4.Nd2 h6 5.Bh4 O-O 6.e4 d5 7.e5 Ne4 8.Bd3 g5 9.Bg3 f5
10.exf6 exf6 11.Ngf3 Nxg3 12.hxg3 Re8+ 13.Kf1 Be6 14.Qc2 Qd7 15.Re1 Nc6 16.Kg1 f5
17.Kh2 Rf8 18.Re2 f4 19.Rhe1 Bg4 20.Bb5 Qd6 21.Bxc6 bxc6 22.Re7 fxg3+ 23.fxg3 Bf5
24.Qa4 Be4 25.Qb4 Bxf3 26.Nxf3 Rab8 27.Qxd6 cxd6 28.b4 Rf7 29.Re8+ Rf8 30.Rxb8 Rxb8
31.Re7 a5 32.bxa5 Ra8 33.Rc7 Rxa5 34.Rxc6 Bf8 35.c4 dxc4 36.Rxc4 Rxa2 37.Rc7 Ra4
38.g4 Bg7 39.Rd7 Bxd4 40.Rxd6 Bg7 41.Kh3 Kf7 42.Rc6 Bf6 43.Rb6 h5 44.Rb7+ Kg8
45.Nh2 Ra3+ 46.Nf3 Ra4  1/2-1/2

[Event "TCh-CZE Extraliga 2014-15"]
[Site "Prague CZE"]
[Date "2014.11.01"]
[Round "1.4"]
[White "Shirov,A"]
[Black "Novotny,M1"]
[Result "1-0"]
[WhiteElo "2683"]
[BlackElo "2328"]

1.e4 e6 2.d4 d5 3.e5 c5 4.c3 Qb6 5.Nf3 Nc6 6.a3 Nh6 7.b4 cxd4 8.Bxh6 gxh6
9.cxd4 Bd7 10.Ra2 Bg7 11.Nc3 Ne7 12.Bd3 Rc8 13.Ne2 O-O 14.O-O f6 15.exf6 Rxf6
16.Ne5 Qd6 17.Qb1 Nf5 18.f4 h5 19.Ng3 h4 20.Bxf5 exf5 21.Nh5 Rg6 22.Nxg7 Rxg7
23.Rc1 Rc4 24.Nxc4 dxc4 25.Rxc4 Qd5 26.Rac2 h3 27.Qa2 Qe6 28.Rc7  1-0

[Event "TCh-CZE Extraliga 2014-15"]
[Site "Prague CZE"]
[Date "2014.11.02"]
[Round "2.4"]
[White "Areshchenko,A"]
[Black "Shirov,A"]
[Result "1/2-1/2"]
[WhiteElo "2655"]
[BlackElo "2683"]

1.e4 e5 2.Nf3 Nf6 3.Nxe5 d6 4.Nf3 Nxe4 5.Nc3 Nxc3 6.dxc3 Be7 7.Be3 Nc6 8.Qd2 Be6
9.O-O-O Qd7 10.Kb1 Bf6 11.Nd4 Nxd4 12.Bxd4 Bxd4 13.Qxd4 O-O 14.h4 Rfe8 15.f3 Qc6
16.Bd3 Qc5 17.Rhe1 Qxd4 18.cxd4 Kf8 19.b3 h6 20.Kb2  1/2-1/2

[Event "Shirov-Iturrizaga m 2014"]
[Site "Caracas VEN"]
[Date "2014.11.06"]
[Round "1"]
[White "Shirov,A"]
[Black "Iturrizaga,E"]
[Result "1/2-1/2"]
[WhiteElo "2683"]
[BlackElo "2646"]

1.d4 Nf6 2.c4 e6 3.Nf3 b6 4.g3 Bb7 5.Bg2 Bb4+ 6.Bd2 a5 7.O-O Na6 8.Bf4 Be7
9.Nc3 O-O 10.d5 Bb4 11.Nd4 Bxc3 12.bxc3 Nc5 13.Nb5 d6 14.Bg5 Rc8 15.f4 exd5
16.cxd5 Qe8 17.Bxf6 Qxb5 18.Bd4 Rfe8 19.e3 f5 20.Qb1 Qxb1  1/2-1/2

[Event "Shirov-Iturrizaga m 2014"]
[Site "Caracas VEN"]
[Date "2014.11.10"]
[Round "4"]
[White "Iturrizaga,E"]
[Black "Shirov,A"]
[Result "1/2-1/2"]
[WhiteElo "2646"]
[BlackElo "2683"]

1.Nf3 d5 2.d4 Nf6 3.c4 c6 4.Nc3 e6 5.e3 Nbd7 6.Qc2 Bd6 7.Bd3 O-O 8.O-O dxc4
9.Bxc4 b5 10.Bd3 Bb7 11.a3 Rc8 12.Rd1 c5 13.Bxb5 Bxf3 14.gxf3 cxd4 15.Rxd4 Nd5
16.Bxd7 Qxd7 17.Qd3 Rfd8 18.Nxd5 exd5 19.Rh4 g6 20.Bd2 Rc4 21.Rxc4 dxc4 22.Qxc4 Bxh2+
23.Kxh2 Qxd2 24.Kg2 Qxb2 25.Ra2 Qb1 26.Rd2 Rxd2 27.Qc8+ Kg7 28.Qc3+ Kh6 29.Qxd2 Qf5
30.Qd4 a5 31.a4 Kh5 32.Qd6 Kh6  1/2-1/2

[Event "Shirov-Iturrizaga m 2014"]
[Site "Caracas VEN"]
[Date "2014.11.11"]
[Round "5"]
[White "Shirov,A"]
[Black "Iturrizaga,E"]
[Result "1-0"]
[WhiteElo "2683"]
[BlackElo "2646"]

1.d4 Nf6 2.c4 e6 3.Nf3 b6 4.g3 Bb7 5.Bg2 Be7 6.O-O O-O 7.Nc3 Ne4 8.Bd2 Bf6
9.Ne5 Nxc3 10.Bxc3 Bxg2 11.Kxg2 c5 12.dxc5 bxc5 13.Qd6 Qb6 14.Qxb6 axb6 15.Rfd1 Ra7
16.Rd6 Rb7 17.a4 Be7 18.Rd3 d6 19.Nf3 Nc6 20.Rad1 Rd8 21.e4 Ra7 22.b3 Rad7
23.Ne1 Bf6 24.Bxf6 gxf6 25.Nc2 Ne7 26.Na3 Kg7 27.Nb5 d5 28.exd5 exd5 29.cxd5 Rxd5
30.Rxd5 Rxd5 31.Rxd5 Nxd5 32.Nd6 Kg6 33.g4 Nb4 34.f4 Nd3 35.f5+ Kg7 36.Nc4 Nc1
37.Nxb6 Nxb3 38.Nc4 Nd4 39.a5 h5 40.a6 Nc6 41.gxh5 Kh6 42.Kg3 Kxh5 43.Nd6 Kg5
44.h4+ Kh5 45.Ne4 c4 46.Nxf6+ Kh6 47.Kf4  1-0

[Event "Shirov-Iturrizaga m 2014"]
[Site "Caracas VEN"]
[Date "2014.11.12"]
[Round "6"]
[White "Iturrizaga,E"]
[Black "Shirov,A"]
[Result "1/2-1/2"]
[WhiteElo "2646"]
[BlackElo "2683"]

1.Nf3 d5 2.d4 Nf6 3.c4 c6 4.Nc3 e6 5.e3 Nbd7 6.Qc2 Bd6 7.Bd3 O-O 8.O-O dxc4
9.Bxc4 b5 10.Bd3 Bb7 11.a3 Rc8 12.b4 c5 13.bxc5 Bxf3 14.gxf3 Nxc5 15.dxc5 Rxc5
16.f4 Nd5 17.Bb2 Nxc3 18.Bxc3 Qc7 19.Rfc1 Rc8 20.Bb4 Rxc2 21.Rxc2 Qxc2 22.Bxc2 Bxb4
23.axb4 Rxc2 24.Rxa7 g5 25.Rb7 gxf4 26.exf4 Rc4 27.Rxb5 Rxf4 28.Kg2 Kg7  1/2-1/2

[Event "TCh-HUN 2014-15"]
[Site "Hungary HUN"]
[Date "2014.11.30"]
[Round "3.5"]
[White "Shirov,A"]
[Black "Grigoriants,S RUS"]
[Result "1-0"]
[WhiteElo "2691"]
[BlackElo "2571"]

1.d4 Nf6 2.c4 e6 3.Nf3 d5 4.Nc3 c5 5.cxd5 Nxd5 6.e4 Nxc3 7.bxc3 cxd4 8.cxd4 Bb4+
9.Bd2 Bxd2+ 10.Qxd2 O-O 11.Rd1 b6 12.Bb5 Bb7 13.d5 exd5 14.O-O Na6 15.exd5 Qd6
16.Ng5 Nc5 17.Qc2 g6 18.Rd4 Qf6 19.Qd2 Rad8 20.Rd1 a6 21.Bc4 b5 22.Bf1 Rfe8
23.h4 Re5 24.Qb4 Qb6 25.Rc1 Rexd5 26.Rxd5 Rxd5 27.Bc4 a5 28.Qe1 Rf5 29.Qe8+ Kg7
30.Bxf7 Nd3 31.Qg8+ Kf6 32.Qh8+ Ke7 33.Qe8+ Kf6 34.Nxh7+ Kg7 35.Qf8+ Kxh7
36.Qg8+  1-0

[Event "TCh-FIN 2014-15"]
[Site "Finland FIN"]
[Date "2015.02.07"]
[Round "7.1"]
[White "Moiseenko,Va"]
[Black "Shirov,A"]
[Result "1/2-1/2"]
[WhiteElo "2485"]
[BlackElo "2701"]

1.e4 e5 2.Nf3 Nc6 3.Bc4 Bc5 4.c3 Nf6 5.d3 O-O 6.O-O d5 7.exd5 Nxd5 8.Re1 Bg4
9.h3 Bh5 10.Nbd2 Bb6 11.Ne4 f6 12.Ng3 Bf7 13.Bb3 Qd7 14.Ba4 Rad8 15.Nh4 Nf4
16.Bxf4 exf4 17.Ngf5 Kh8 18.d4 Rde8 19.Rxe8 Rxe8 20.Bc2 g5 21.Nf3 Bg6 22.Nh6 Kg7
23.Ng4 h5 24.Ngh2 Ne7 25.Nf1 Nf5 26.Qd2 c5 27.dxc5 Qxd2 28.N1xd2 Bxc5 29.Re1 Rd8
30.Nb3 Bb6 31.a4 Bf7 32.a5 Bxb3 33.Bxb3 Bxa5 34.Bc2 g4 35.hxg4 hxg4 36.Bxf5 gxf3
37.Re7+ Kf8 38.Rd7 Re8 39.gxf3 Re2 40.Rxb7 Bb6 41.b4 Rb2  1/2-1/2

[Event "TCh-CZE Extraliga 2014-15"]
[Site "Prague CZE"]
[Date "2015.03.27"]
[Round "9.5"]
[White "Simacek,P"]
[Black "Shirov,A"]
[Result "0-1"]
[WhiteElo "2464"]
[BlackElo "2683"]

1.e4 c5 2.Nc3 Nc6 3.f4 e6 4.Nf3 d5 5.Bb5 Ne7 6.exd5 Nxd5 7.Ne5 Bd7 8.Bxc6 Bxc6
9.Nxc6 bxc6 10.Qf3 g6 11.b3 Nb4 12.O-O Bg7 13.Bb2 O-O 14.Qd1 c4 15.bxc4 Qd4+
16.Kh1 Qxc4 17.d3 Qa6 18.Qd2 Rfd8 19.Rfb1 f5 20.Ne2 Bxb2 21.Rxb2 c5 22.Ng1 Qd6
23.Nf3 Nd5 24.Ne5 Rab8 25.Rb3 Rb4 26.g3 Rdb8 27.Re1 a5 28.Qe2 a4 29.Rxb4 cxb4
30.Nc4 Qc6 31.Na5 Qa6 32.Qe5 Rd8 33.Nc4 Kf7 34.h4 Qc6 35.Qxf5+ Nf6+ 36.Qe4 Qxe4+
37.dxe4 Rd4 38.Ne5+ Ke8 39.Nf3 Rxe4 40.Kg2 a3 41.c3 Rxe1 42.Nxe1 b3 43.axb3 a2
44.Nc2 Nd5 45.Kf3 Nxc3 46.Ke3 h5 47.Kd4 Ne2+ 48.Ke5 Ke7 49.b4 Nxg3 50.b5 Nf5
51.b6 Kd7  0-1

[Event "5th Dziedzica Mem 2015"]
[Site "Trzcianka POL"]
[Date "2015.04.19"]
[Round "2.9"]
[White "Shirov,A"]
[Black "Krasenkova,I"]
[Result "1-0"]
[WhiteElo "2691"]
[BlackElo "2083"]

1.d4 Nf6 2.c4 g6 3.g3 Bg7 4.Bg2 d5 5.cxd5 Nxd5 6.e4 Nb4 7.a3 N4c6 8.d5 Nd4
9.Ne2 c5 10.Nxd4 cxd4 11.Nd2 O-O 12.h4 h5 13.O-O a5 14.Nf3 Qb6 15.Bg5 Re8
16.Qd2 a4 17.Bh6 Bh8 18.Rfe1 Bg4 19.e5 Nd7 20.e6 fxe6 21.dxe6 Nc5 22.Ne5 Nb3
23.Qg5 Bxe5 24.Qxe5  1-0

[Event "5th Dziedzica Mem 2015"]
[Site "Trzcianka POL"]
[Date "2015.04.19"]
[Round "3.9"]
[White "Gluszko,T"]
[Black "Shirov,A"]
[Result "0-1"]
[WhiteElo "2165"]
[BlackElo "2691"]

1.e4 e5 2.Nf3 Nc6 3.d4 exd4 4.Bc4 Nf6 5.e5 d5 6.Bb5 Nd7 7.O-O Be7 8.Re1 O-O
9.Bf4 Nc5 10.Bxc6 bxc6 11.Nxd4 Bd7 12.Nd2 Ne6 13.Nxe6 fxe6 14.Bg3 Rb8 15.Rb1 Be8
16.Qg4 Qd7 17.Bh4 Rb4 18.c4 Bg6 19.a3 Bxb1 20.axb4 Bf5 21.Qg3 Bxb4 22.Rd1 dxc4
23.Bf6 Bg6 24.Bg5 Bc2 25.Rc1 Bxd2  0-1

[Event "5th Dziedzica Mem 2015"]
[Site "Trzcianka POL"]
[Date "2015.04.19"]
[Round "4.8"]
[White "Shirov,A"]
[Black "Czerwonski,A"]
[Result "1-0"]
[WhiteElo "2691"]
[BlackElo "2379"]

1.d4 Nf6 2.c4 g6 3.g3 Bg7 4.Bg2 O-O 5.Nc3 d6 6.Nf3 c5 7.O-O cxd4 8.Nxd4 Qa5
9.Nd5 Nxd5 10.cxd5 Na6 11.a3 Bd7 12.e3 Rfc8 13.b4 Qa4 14.Bb2 Qxd1 15.Rfxd1 Ba4
16.Rdc1 Nc7 17.Rc4 Nb5 18.Rac1 Rxc4 19.Rxc4 Bxd4 20.Bxd4 Nxa3 21.Rc7 Nb5
22.Rxb7 Nxd4 23.exd4 Kf8 24.f4 a6 25.Rb6 Bb5 26.Bf1 Bxf1 27.Kxf1 Ke8 28.Ke2 Ra7
29.Kd3 Kd7 30.Kc4 Kc7 31.Rc6+ Kb7 32.Kb3 Ra8 33.Ka4 Rc8 34.Ka5 Ra8 35.Rb6+ Kc7
36.Rxa6 Rb8 37.b5 Kd8 38.b6 Ke8  1-0

[Event "5th Dziedzica Mem 2015"]
[Site "Trzcianka POL"]
[Date "2015.04.19"]
[Round "5.6"]
[White "Tomczak,J"]
[Black "Shirov,A"]
[Result "0-1"]
[WhiteElo "2554"]
[BlackElo "2691"]

1.e4 c5 2.Nf3 Nc6 3.d4 cxd4 4.Nxd4 e5 5.Nb5 d6 6.N5c3 Be7 7.Nd5 Nf6 8.Nxf6+ Bxf6
9.Nc3 O-O 10.g3 Bg5 11.Bg2 Bxc1 12.Rxc1 Qb6 13.b3 Qa5 14.Qd2 Be6 15.a4 Rfc8
16.Nb5 Qxd2+ 17.Kxd2 a6 18.Nc3 Nd4 19.Ne2 Nxe2 20.Kxe2 b5 21.axb5 axb5 22.Rhd1 Ra2
23.Rd2 Kf8 24.Bf1 Ke7 25.c4 Ra3 26.Kd1 Rxb3 27.cxb5 Bg4+ 28.Be2 Bxe2+ 29.Rxe2 Rxc1+
30.Kxc1 Rxb5 31.Kd1 g5 32.Ra2 Rb1+ 33.Ke2 Rh1 34.Kf3 Rxh2 35.Kg4 Kf6 36.Ra6 h5+
37.Kf3 Ke6 38.Ra8 g4+ 39.Ke2 h4 40.gxh4 g3 41.Re8+ Kd7 42.Rg8 gxf2 43.Rh8 d5
44.exd5 e4 45.Rh7 Ke8 46.d6 e3 47.d7+ Kd8 48.Rxf7 Rh1  0-1

[Event "5th Dziedzica Mem 2015"]
[Site "Trzcianka POL"]
[Date "2015.04.19"]
[Round "6.2"]
[White "Onischuk,V"]
[Black "Shirov,A"]
[Result "0-1"]
[WhiteElo "2629"]
[BlackElo "2691"]

1.e4 c5 2.Nf3 Nc6 3.Bb5 e6 4.Bxc6 bxc6 5.d3 Ne7 6.Qe2 Qc7 7.e5 f6 8.Na3 Ng6
9.Nc4 Ba6 10.exf6 gxf6 11.Bd2 Nf4 12.Qe4 Nd5 13.Qh4 h5 14.O-O-O Be7 15.g3 O-O-O
16.Ba5 Nb6 17.Rhe1 d5 18.Ne3 Kb8 19.d4 c4 20.Ng2 e5 21.Ne3 e4 22.Nf5 Bc8
23.Nxe7 Qxe7 24.Ne5 Qe6 25.Ng6 Rh7 26.a3 Rg8 27.Nf4 Qf5 28.h3 Qg5 29.Bb4 Kc7
30.Kb1 Qxh4 31.gxh4 Bf5 32.Rg1 Rhg7 33.Rxg7+ Rxg7 34.Bd2 Kd7 35.Be3 Ke7 36.Rh1 Rh7
37.Rg1 Kf7 38.b3 Rh8 39.Kb2 cxb3 40.cxb3 Nc8 41.Kc3 Ne7 42.Kb4 Rb8+ 43.Kc3 Ng6
44.Nxh5 Rh8 45.Nf4 Nxf4 46.Bxf4 Rxh4 47.Be3 Rxh3 48.Kb4 Rh8 49.Kc5 Rb8 50.b4 Bd7
51.Kd6 Be8 52.Bh6 Rd8+ 53.Kc7 Rd7+ 54.Kxc6 Ke6 55.Rg8 Re7+ 56.Rxe8 Rxe8 57.Kb7 Re7+
58.Ka6 Rc7 59.a4 Rc4 60.Bf8 Rxd4 61.Kxa7 Rc4 62.a5 d4 63.b5 d3 64.Bh6 Rc5
65.Kb6 Rc2 66.a6 d2 67.Bxd2 Rxd2 68.Ka7 Rb2 69.b6 Kd6 70.b7 Kc7 71.f4 Rb6
72.f5 Rxa6+ 73.Kxa6 Kb8  0-1

[Event "5th Dziedzica Mem 2015"]
[Site "Trzcianka POL"]
[Date "2015.04.19"]
[Round "8.1"]
[White "Bacrot,E"]
[Black "Shirov,A"]
[Result "1-0"]
[WhiteElo "2712"]
[BlackElo "2691"]

1.c4 e5 2.Nc3 Nf6 3.g3 d5 4.cxd5 Nxd5 5.Bg2 Nb6 6.e3 g6 7.b3 a5 8.Nge2 Bg7
9.Ba3 Na6 10.d4 Nb4 11.O-O O-O 12.d5 f5 13.e4 fxe4 14.Qd2 Rf3 15.Bxb4 Rd3
16.Qe1 axb4 17.Nxe4 Rxd5 18.Qxb4 Bf5 19.a4 Bxe4 20.Bxe4 Rd2 21.a5 Bf8 22.Qc3 Rxe2
23.axb6 Rxa1 24.Qc4+ Kg7 25.Rxa1 Rd2 26.bxc7 Qf6 27.Rf1  1-0

[Event "5th Dziedzica Mem 2015"]
[Site "Trzcianka POL"]
[Date "2015.04.19"]
[Round "9.3"]
[White "Shirov,A"]
[Black "Jaracz,P"]
[Result "0-1"]
[WhiteElo "2691"]
[BlackElo "2507"]

1.e4 c5 2.Nf3 e6 3.d4 cxd4 4.Nxd4 a6 5.Bd3 Nf6 6.f4 d6 7.c4 g6 8.Nc3 Bg7
9.Be3 O-O 10.Qe2 Nbd7 11.O-O-O e5 12.Nf3 exf4 13.Bxf4 Qc7 14.Kb1 Ne5 15.Rhf1 Be6
16.Nxe5 dxe5 17.Bg5 Bg4 18.Qd2 Bxd1 19.Bxf6 Bg4 20.Nd5 Qd6 21.c5 Qxc5 22.Qg5 h5
23.Bxg7 Qd4 24.Bc2 Kxg7 25.h3 Be2 26.Qf6+ Kh7 27.Re1 Bd3 28.Bxd3 Qxd3+ 29.Ka1 Rac8
30.Qxe5 Qd2 31.Rb1 Rc1 32.a3 Rxb1+ 33.Kxb1 Rc8 34.Qe7 Qd3+ 35.Ka2 Qc4+ 36.Ka1 Qf1+
37.Ka2 Rc1 38.Nf6+ Kg7 39.Ne8+ Kg8 40.Nf6+ Kg7 41.Ne8+ Kh6 42.Qf8+ Kg5 43.Qe7+ f6
44.Nd6 Ra1+ 45.Kb3 Qd3+ 46.Kb4 Qd4+ 47.Kb3 Rb1  0-1

[Event "St.Petersburg Summer Rapid"]
[Site "St Petersburg RUS"]
[Date "2015.08.29"]
[Round "1.7"]
[White "Shirov,A"]
[Black "Khadzhiev,Valery"]
[Result "1-0"]
[WhiteElo "2702"]
[BlackElo "2195"]

1.d4 d5 2.c4 e6 3.Nc3 Nf6 4.Nf3 Be7 5.Bf4 O-O 6.e3 a6 7.cxd5 Nxd5 8.Nxd5 exd5
9.Bd3 Bb4+ 10.Nd2 g6 11.Rc1 Nc6 12.O-O Bd6 13.Qf3 Ne7 14.Bg5 f5 15.Qh3 c6
16.Nf3 Qc7 17.Qh4 f4 18.e4 dxe4 19.Bc4+ Kg7 20.Qh6+  1-0

[Event "St.Petersburg Summer Rapid"]
[Site "St Petersburg RUS"]
[Date "2015.08.29"]
[Round "2.8"]
[White "Biriukov,O"]
[Black "Shirov,A"]
[Result "0-1"]
[WhiteElo "2323"]
[BlackElo "2702"]

1.d4 d5 2.c4 c6 3.Nc3 Nf6 4.cxd5 cxd5 5.Bf4 Nc6 6.e3 Bg4 7.Qb3 Na5 8.Bb5+ Bd7
9.Qa4 e6 10.Nf3 a6 11.Bxd7+ Nxd7 12.O-O b5 13.Qd1 Bb4 14.Rc1 Rc8 15.Ne2 O-O
16.Rxc8 Qxc8 17.Nc1 Qb7 18.Nd3 Be7 19.Qb1 Rc8 20.Rc1 Nc4 21.h3 b4 22.b3 Na3
23.Rxc8+ Qxc8 24.Qc1 Qxc1+ 25.Nxc1 Nb5 26.Ne5 Nxe5 27.Bxe5 f6 28.Bg3 Kf7
29.Kf1 Kg6 30.f3 Kf5 31.Bf2 e5 32.g4+ Ke6 33.Ne2 Bd6 34.Ke1 g6 35.Kd2 e4
36.f4 h5 37.Kc2 hxg4 38.hxg4 Nc7 39.Kd2 Nb5 40.Kc2 Na7 41.Kd2 Nc6 42.Ng3 Ne7
43.Ke2 Kf7 44.Nf1 Ng8 45.Bh4 a5 46.Nh2 g5 47.Bg3 Ne7 48.Nf1 gxf4 49.Bxf4 Bxf4
50.exf4 f5 51.Ne3 fxg4 52.Nxg4 Nf5 53.Ne5+ Ke6 54.Nc6 Kd6 55.Nxa5 Nxd4+ 56.Kd2  0-1

[Event "St.Petersburg Summer Rapid"]
[Site "St Petersburg RUS"]
[Date "2015.08.29"]
[Round "3.8"]
[White "Shirov,A"]
[Black "Slugin,S"]
[Result "1-0"]
[WhiteElo "2702"]
[BlackElo "2369"]

1.e4 c5 2.Nf3 Nc6 3.d4 cxd4 4.Nxd4 Nf6 5.Nc3 e6 6.Ndb5 Bb4 7.a3 Bxc3+ 8.Nxc3 d5
9.Bd3 dxe4 10.Nxe4 Nxe4 11.Bxe4 Qxd1+ 12.Kxd1 Bd7 13.b4 f5 14.Bf3 O-O-O 15.Bb2 e5
16.Kc1 Rhe8 17.Rd1 g6 18.Bc3 e4 19.Be2 Be6 20.Kb2 Rxd1 21.Rxd1 Rd8 22.Rxd8+ Kxd8
23.Bh8 Kd7 24.c4 Bf7 25.Kc3 Ke6 26.b5 Ne5 27.Kd4 Nd3 28.f3 Nf4 29.Bf1 exf3
30.gxf3 g5 31.Be5 Bh5 32.Bxf4 gxf4 33.Be2 b6 34.c5 bxc5+ 35.Kxc5 Be8 36.a4  1-0

[Event "St.Petersburg Summer Rapid"]
[Site "St Petersburg RUS"]
[Date "2015.08.29"]
[Round "4.5"]
[White "Petrov,N"]
[Black "Shirov,A"]
[Result "0-1"]
[WhiteElo "2446"]
[BlackElo "2702"]

1.Nf3 d5 2.g3 Bg4 3.Bg2 Nd7 4.c4 e6 5.cxd5 exd5 6.Nc3 Ngf6 7.d3 c6 8.O-O Bc5
9.e4 dxe4 10.dxe4 O-O 11.Bf4 Re8 12.Qc2 Nh5 13.Bg5 Qc7 14.Kh1 h6 15.Bd2 Rad8
16.Na4 Bf8 17.Be3 Nhf6 18.Nd4 Qb8 19.f3 Bh5 20.Rab1 Nb6 21.Nxb6 axb6 22.Nf5 c5
23.Qb3 Qa7 24.Bf4 Rd7 25.Rbd1 Red8 26.Rxd7 Rxd7 27.Be5 Qa6 28.Bxf6 gxf6 29.Qc3 Qe2
30.Qxf6 Rd2 31.Nh4 Rd1 32.Rg1 Bg7 33.Qf5 Rxg1+  0-1

[Event "St.Petersburg Summer Rapid"]
[Site "St Petersburg RUS"]
[Date "2015.08.29"]
[Round "5.1"]
[White "Shirov,A"]
[Black "Inarkiev,E"]
[Result "1/2-1/2"]
[WhiteElo "2702"]
[BlackElo "2660"]

1.e4 e5 2.Nf3 Nc6 3.Bb5 Nf6 4.O-O Nxe4 5.Re1 Nd6 6.Nxe5 Be7 7.Bf1 Nf5 8.Nf3 O-O
9.d4 d5 10.c3 Re8 11.Bd3 Bf8 12.Rxe8 Qxe8 13.Qc2 g6 14.Bf4 Bd6 15.Bxd6 Nxd6
16.Nbd2 f6 17.Re1 Qf7 18.Nf1 Bf5 19.Bxf5 Nxf5 20.Ne3 Nce7 21.Qb3 b6 22.Qa4 Nxe3
23.Rxe3 a5 24.g4 Rd8 25.Qc2 Nc8 26.Qe2 Nd6 27.Nd2  1/2-1/2

[Event "St.Petersburg Summer Rapid"]
[Site "St Petersburg RUS"]
[Date "2015.08.30"]
[Round "6.3"]
[White "Sakaev,K"]
[Black "Shirov,A"]
[Result "1/2-1/2"]
[WhiteElo "2594"]
[BlackElo "2702"]

1.d4 d5 2.c4 c6 3.Nf3 Nf6 4.Nc3 e6 5.Bg5 dxc4 6.e4 b5 7.e5 h6 8.Bh4 g5 9.Nxg5 hxg5
10.Bxg5 Nbd7 11.g3 Bb7 12.Bg2 Qb6 13.exf6 O-O-O 14.O-O c5 15.d5 b4 16.Rb1 Qa6
17.dxe6 Bxg2 18.e7 Bxf1 19.Kxf1 Qc6 20.exd8=Q+ Kxd8 21.Nd5 Rxh2 22.Kg1 Rh8
23.Bf4 Kc8 24.Qf3 Kb7 25.Rd1 Bh6 26.Bd6 Nb6 27.Bxc5 Nxd5 28.Qxd5 Qxd5 29.Rxd5 c3
30.bxc3 bxc3 31.f4 Rc8 32.Ba3 c2 33.Bc1 Rc6 34.Kf2 Rxf6 35.Ke2 Rg6 36.Rd7+ Kb8
37.Kd3 Rxg3+ 38.Kxc2 f6 39.Rf7 Rf3 40.Rxf6 Bg7 41.Rf7 Be5 42.f5 a5 43.a4 Rc3+
44.Kd1 Rc4 45.Re7 Ba1 46.Bg5 Rg4 47.Re8+ Kc7  1/2-1/2